| 000 | 00955nam a2200253 a 4500 | ||
|---|---|---|---|
| 001 | 000042807 | ||
| 003 | DO-SdBNP | ||
| 005 | 20230117131319.0 | ||
| 007 | ta | ||
| 008 | 140210s2004 dr 000 0 spa d | ||
| 040 |
_aDO-SdBNP _bspa _cBNPHU |
||
| 082 | 4 |
_a343.0929 _bR426r _222 |
|
| 110 | 2 |
_aCorporación Dominicana de Empresas Eléctricas Estatales _952880 |
|
| 240 | 1 | 0 | _a[Reglamentos, etc.] |
| 245 | 1 | 0 | _aReglamento de la Corporación Dominicana de Empresas Eléctricas Estatales. |
| 260 |
_aSanto Domingo : _bCorporación Dominicana de Empresas Estatales, _c2004. |
||
| 300 |
_a30 p. ; _c22 cm. |
||
| 590 | _aInventariado, 2018/VM | ||
| 650 | 4 |
_aEmpresas eléctricas _xLegislación _zRepública Dominicana _970155 |
|
| 650 | 4 |
_aDistribución de energia eléctrica _xLegislación _970156 |
|
| 650 | 4 |
_aDistribuición energia electrica _xLegislación _zRepública Dominicana _93033 |
|
| 910 | _aValidado. Control de calidad EMS | ||
| 942 |
_2ddc _cLBS1 |
||
| 999 |
_c42296 _d42296 |
||